Adam bede (Record no. 10795)
[ view plain ]
| 000 -LEADER | |
|---|---|
| fixed length control field | 00670 a2200229 4500 |
| 000 - LEADER | |
| fixed length control field | BKB |
| 001 - CONTROL NUMBER | |
| control field | 137884 |
| 005 - DATE AND TIME OF LATEST TRANSACTION | |
| control field | 20200902153329.0 |
| 008 - FIXED-LENGTH DATA ELEMENTS--GENERAL INFORMATION | |
| fixed length control field | |
| 020 ## - INTERNATIONAL STANDARD BOOK NUMBER | |
| International Standard Book Number | 9780199203475 |
| 082 ## - DEWEY DECIMAL CLASSIFICATION NUMBER | |
| Classification number | 823.8 |
| Item number | E44A |
| 100 1# - MAIN ENTRY--PERSONAL NAME | |
| Personal name | Eliot, George |
| 245 1# - TITLE STATEMENT | |
| Title | Adam bede |
| Statement of responsibility, etc | by George Eliot ; edited with an introduction and notes by Carol A. Martin |
| 260 ## - PUBLICATION, DISTRIBUTION, ETC. (IMPRINT) | |
| Place of publication, distribution, etc | Oxford |
| Name of publisher, distributor, etc | Oxford University Press |
| Date of publication, distribution, etc | 2008 |
| 300 ## - PHYSICAL DESCRIPTION | |
| Extent | 541p. |
| 490 ## - SERIES STATEMENT | |
| Series statement | Oxford world's classics |
| Volume number/sequential designation | |
| 630 ## - SUBJECT ADDED ENTRY--UNIFORM TITLE | |
| Uniform title | English |
| 690 ## - LOCAL SUBJECT ADDED ENTRY--TOPICAL TERM (OCLC, RLIN) | |
| Topical term or geographic name as entry element | Infanticide |
| 690 ## - LOCAL SUBJECT ADDED ENTRY--TOPICAL TERM (OCLC, RLIN) | |
| Topical term or geographic name as entry element | Triangles (Interpersonal relations) |
| 690 ## - LOCAL SUBJECT ADDED ENTRY--TOPICAL TERM (OCLC, RLIN) | |
| Topical term or geographic name as entry element | Women clergy |
| 700 ## - ADDED ENTRY--PERSONAL NAME | |
| Personal name | Martin, Carol A ed. |
| Numeration | |
| Titles and other words associated with a name | |
| Withdrawn status | Lost status | Damaged status | Not for loan | Home library | Current library | Date acquired | Cost, normal purchase price | Total Checkouts | Full call number | Barcode | Date last seen | Price effective from | Koha item type |
|---|---|---|---|---|---|---|---|---|---|---|---|---|---|
| Central University Of Rajasthan | Central University Of Rajasthan | 12/03/2014 | 0.00 | 823.8 E44A | 13145 | 21/11/2024 | 02/09/2020 | Books |
